[Event "2017 Red Deer Open"]
[Site "?"]
[Date "2017.05.14"]
[Round "5"]
[White "Koperski, Dustin"]
[Black "Ali, Husain"]
[Result "1-0"]
[WhiteElo "1792"]
[BlackElo "1898"]
[PlyCount "44"]
[SourceDate "2017.09.01"]

1. e4 e5 2. Nf3 f6 3. Nxe5 Qe7 4. Nf3 (4. Qh5+ g6 5. Nxg6 Qxe4+) 4... d5 (4...
Qxe4+ 5. Be2) 5. d3 dxe4 6. dxe4 Qxe4+ 7. Be2 Bf5 8. c3 Bd6 9. Be3 Ne7 10. Nbd2
Qc2 11. Qxc2 Bxc2 12. Nd4 Ba4 13. O-O Bd7 14. Ne4 Be5 15. Nf3 Nbc6 16. Nc5 Bc8
17. Nxe5 Nxe5 18. f4 N5c6 19. Rad1 b6 20. Na6 Bxa6 21. Bxa6 Rd8 22. Rxd8+ Nxd8
1-0

[Event "2017MOK"]
[Site "Calgary"]
[Date "2017.??.??"]
[Round "1.5"]
[White "Wang, Paul"]
[Black "Ali, Husain"]
[Result "*"]
[WhiteElo "1296"]
[BlackElo "1932"]
[PlyCount "71"]
[EventDate "2017.??.??"]
[SourceDate "2017.09.01"]
[TimeControl "90+30"]

1. e4 e5 2. Nf3 Nc6 3. Bc4 h6 4. Nc3 Nf6 5. d3 Bb4 (5... Bc5 6. O-O O-O 7. Nd5
d6) 6. O-O O-O 7. Nd5 d6 8. Nxb4 Nxb4 9. c3 Nc6 10. h3 Na5 11. Bb3 Nxb3 12.
Qxb3 Nh5 13. d4 Qf6 14. Re1 Bxh3 15. dxe5 dxe5 16. Nxe5 Be6 17. Qb5 c6 18. Nxc6
Bd7 19. Qxh5 Bxc6 20. e5 Qe6 21. Bf4 Qd5 22. Qg4 Qe6 23. Qxe6 fxe6 24. Be3 b6
25. a4 Rfd8 26. a5 b5 27. Bc5 a6 28. Be7 Rd7 29. Bd6 Bd5 30. Re3 Rc8 31. Kh2
Kf7 32. b4 g5 33. g4 Kg6 34. Kg3 Rf7 35. Rf1 Rf4 36. f3 *

[Event "2017MOk"]
[Site "Calgary"]
[Date "2017.??.??"]
[Round "4.6"]
[White "Chen, Andrew"]
[Black "Ali, Husain"]
[Result "*"]
[WhiteElo "1577"]
[BlackElo "1932"]
[PlyCount "59"]
[EventDate "2017.??.??"]
[SourceDate "2017.09.01"]
[TimeControl "90+30"]

1. d4 d5 2. Bf4 e6 3. Nf3 c5 4. c3 Bd6 5. Bg3 Nc6 6. Nbd2 Nf6 7. e3 O-O 8. Bd3
Re8 9. Ne5 Qc7 10. f4 Nd7 11. Bxh7+ Kf8 12. Bd3 f5 13. Bh4 Nf6 14. h3 c4 15.
Bc2 Bxe5 16. fxe5 Ne4 17. Nxe4 dxe4 18. Qh5 Qf7 19. Qh8+ Qg8 20. Qxg8+ Kxg8 21.
Ba4 Bd7 22. Bxc6 Bxc6 23. O-O-O b5 24. Kd2 Bd5 25. a3 a5 26. Ra1 Kf7 27. Bg5 a4
28. Raf1 Kg8 29. Rf4 Kh7 30. h4 *

[Event "Alberta Closed"]
[Site "?"]
[Date "2017.04.14"]
[Round "1"]
[White "Valencia, Belsar"]
[Black "Arruebarrena, Rafael"]
[Result "1-0"]
[WhiteElo "2380"]
[BlackElo "2324"]
[Annotator "Jim"]
[PlyCount "61"]
[EventDate "2017.??.??"]
[SourceDate "2017.09.01"]

1. c4 e5 2. Nc3 Bb4 3. Qc2 Nf6 4. Nf3 Qe7 5. e4 Bxc3 6. bxc3 O-O 7. d3 h6 8. g3
d6 9. Bg2 Nbd7 10. O-O Nc5 11. Nh4 Be6 12. f4 (12. d4 $142 $14) 12... Rfe8 13.
Bd2 Rad8 14. Rae1 c6 15. d4 Bxc4 16. dxc5 Bxf1 17. Bxf1 exf4 18. Nf5 Qe5 19.
gxf4 Qxc5+ 20. Be3 Qa5 21. Qg2 Nh5 22. Bd4 g6 23. Nxh6+ Kf8 24. f5 c5 25. fxg6
cxd4 26. gxf7 Re6 27. Qg8+ Ke7 28. Nf5+ Kd7 29. f8=Q Rxf8 30. Qxf8 Rf6 31. Qe7+
1-0

[Event "Alberta Closed"]
[Site "?"]
[Date "2017.04.14"]
[Round "1"]
[White "Haessel, Dale"]
[Black "Banerjee, Bitan"]
[Result "1-0"]
[WhiteElo "2095"]
[BlackElo "2364"]
[PlyCount "53"]
[EventDate "2017.??.??"]
[SourceDate "2017.09.01"]

1. d4 Nf6 2. c4 g6 3. Nc3 Bg7 4. e4 O-O 5. Nf3 d6 6. h3 Na6 7. Bg5 Qe8 8. Be2
e5 9. d5 Nh5 10. g3 f5 11. exf5 gxf5 12. Nh4 Nf6 13. Qc2 h6 14. Be3 f4 15. gxf4
exf4 16. Bd4 (16. Bxf4 Ne4 17. Be3 Nb4 18. Qc1 Nxf2 19. Bxf2) 16... Nb4 17. Qd2
f3 18. Nxf3 Bf5 19. O-O-O Ne4 20. Rdg1 Bg6 (20... Nxd2 21. Rxg7+ Kh8 22. Rxc7+
Rf6 23. Bxf6+ Kg8 24. Rg1+ Kf8) 21. Qe3 Nxc3 22. bxc3 Qa4 23. Qd2 (23. Qe6+ Kh8
(23... Rf7 24. Qxg6 Qa3+ 25. Kd2 Qxa2+ 26. Ke1 Re8) 24. Bxg7+ Kh7 25. Qxg6+ Kg8
26. Bf6#) 23... Nxa2+ 24. Kb2 Nb4 25. cxb4 Rxf3 26. Rxg6 Qa3+ 27. Kc2 1-0

[Event "2017 Alberta Seniors Championship"]
[Site "?"]
[Date "2017.04.08"]
[Round "1"]
[White "McKay, Arnold"]
[Black "Behnke, Rick"]
[Result "1-0"]
[WhiteElo "1819"]
[BlackElo "1161"]
[PlyCount "59"]
[SourceDate "2017.09.01"]

1. d4 Nf6 2. Nf3 d6 3. e3 g6 4. Bd3 Bg7 5. Nbd2 O-O 6. c3 Nbd7 7. e4 e6 8. O-O
c5 9. Re1 e5 10. d5 Rb8 11. a4 a6 12. a5 b6 13. axb6 Qxb6 14. Qe2 a5 15. Nc4
Qc7 16. Rxa5 Nb6 17. Ra3 Bd7 18. h3 Ra8 19. Nfd2 (19. b4 Rxa3 20. Bxa3) 19...
Nh5 20. Nb1 Nxc4 21. Bxc4 Rxa3 22. Nxa3 f5 23. exf5 Nf4 24. Bxf4 exf4 25. f3
Bxf5 26. Qd2 Be5 27. Rxe5 Qd7 28. Re1 Bxh3 29. gxh3 Qxh3 30. Qg2 1-0

[Event "2017 Alberta Seniors Championship"]
[Site "?"]
[Date "2017.04.08"]
[Round "4"]
[White "Behnke, Rick"]
[Black "Beresinski, Piotr"]
[Result "0-1"]
[WhiteElo "1161"]
[BlackElo "1921"]
[PlyCount "54"]
[SourceDate "2017.09.01"]

1. e4 b6 2. d4 Bb7 3. Nc3 e6 4. Bd3 Bb4 5. Bd2 Nf6 6. Qe2 d5 7. e5 Bxc3 8. Bxc3
Ne4 9. Qg4 O-O 10. Ne2 f5 11. Qh3 Nxc3 12. Nxc3 c5 13. Nb5 Ba6 14. Nd6 Bxd3 15.
Qxd3 Qg5 16. Qg3 Qxg3 17. hxg3 f4 18. f3 Nc6 19. c3 cxd4 20. cxd4 Nxd4 21. Kd2
Rad8 22. gxf4 Rxf4 23. Ke3 g5 24. Rh6 (24. Rh5) 24... Rxd6 25. exd6 Nf5+ 26.
Kf2 Nxh6 27. Rc1 Rc4 0-1

[Event "2017 Edmonton International Qualifier"]
[Site "?"]
[Date "2017.04.29"]
[Round "3"]
[White "Rohatynski, Jordan"]
[Black "Blyznyuk, Vladimir"]
[Result "1-0"]
[WhiteElo "1656"]
[BlackElo "1508"]
[PlyCount "56"]
[SourceDate "2017.09.01"]

1. Nf3 Nf6 2. c4 e6 3. Nc3 d5 4. cxd5 exd5 5. d4 Be7 6. Bf4 c6 7. e3 Bg4 8. h3
Bh5 9. g4 Bg6 10. Bd3 Ne4 11. Ne5 Bb4 12. Bxe4 Bxe4 13. f3 Qh4+ 14. Ke2 Bg6 15.
Qb3 (15. Nxd5 cxd5) 15... Bxc3 16. Qxb7 Bxb2 17. Qxa8 O-O 18. Nxg6 fxg6 19.
Rab1 Nd7 20. Qxc6 Bxd4 21. Qxd5+ Kh8 22. Qxd4 Nb6 23. Be5 Rd8 24. Bxg7+ Kg8 25.
Qf6 Qg3 26. Qxd8+ Kxg7 27. Qe7+ Kh6 28. Qf8+ Kg5 1-0

[Event "2017 Edmonton International Qualifier"]
[Site "?"]
[Date "2017.04.30"]
[Round "5"]
[White "Ludwig, Michael"]
[Black "Briones, Dante"]
[Result "0-1"]
[WhiteElo "1933"]
[BlackElo "1996"]
[PlyCount "158"]
[SourceDate "2017.09.01"]

1. c4 e5 2. Nc3 Nf6 3. g3 Bb4 4. Qb3 Nc6 5. e3 Bxc3 6. Qxc3 O-O 7. Bg2 e4 8.
Ne2 d6 9. d4 d5 10. b3 Re8 11. Bb2 a5 12. Nf4 g5 13. Nxd5 Nxd5 14. cxd5 Nb4 15.
O-O Nxd5 16. Qd2 g4 17. Rac1 Qd6 18. Rc5 b6 19. Rc2 Bd7 20. Rfc1 h5 21. a4 c6
22. Bf1 Kh7 23. Bc4 Rg8 24. Bxd5 Qxd5 25. Rc3 Rg6 26. Qe2 h4 27. Qc4 Qf5 28.
Qe2 Rh6 29. Rc4 Qd5 30. R4c3 Kg6 31. Qc4 Qf5 32. d5 c5 (32... hxg3 33. fxg3
Rxh2 34. Kxh2 Qf2+ 35. Kh1 Rh8#) 33. R3c2 Qf3 34. Qe2 Qf5 35. Qc4 f6 36. Rd1
Bc8 37. Qb5 Ba6 38. Qxb6 Bd3 39. Rcd2 Rhh8 40. Qd6 hxg3 41. fxg3 Ra6 42. Qe7
Qxd5 43. Rf1 Qg5 44. Rdf2 (44. Rf4 Rg8 45. Rdf2) 44... Bxf1 45. Qxe4+ f5 46.
Qb7 Rh7 47. Qc8 (47. Rxf1) 47... Bd3 48. Qg8+ Kh6 49. Qf8+ Kh5 50. Qe8+ Qg6 51.
Qd8 Qe6 52. Qxd3 Kg6 53. Rf4 Kg5 (53... Rd6 54. Qc3 Rd1+ 55. Rf1 Rxf1+ 56. Kxf1
) 54. Bc1 (54. e4 fxe4 55. Rxe4 Qh6 56. Qd5+ Kg6) 54... Rd6 55. Rxf5+ Qxf5 56.
Qxd6 Kh5 57. Qf4 Qxf4 58. gxf4 Re7 59. Bd2 Rb7 60. Bxa5 Rxb3 61. Bc7 Rxe3 62.
Bb6 Rc3 63. a5 c4 64. a6 Ra3 65. a7 c3 66. Bc5 Ra2 67. Be3 c2 68. f5 Rxa7 69.
Bxa7 c1=Q+ 70. Kg2 Qc2+ 71. Bf2 Qe4+ 72. Kg1 Qxf5 73. Kg2 Qf3+ 74. Kg1 Kg6 75.
Bg3 Kf5 76. Bf2 Ke4 77. Bc5 Kd3 78. h3 gxh3 79. Bf2 Qg2# 0-1

[Event "2017 Edmonton International"]
[Site "?"]
[Date "2017.06.24"]
[Round "8"]
[White "Findlay, Ian"]
[Black "Caldera, Anuar"]
[Result "1-0"]
[WhiteElo "2274"]
[BlackElo "2239"]
[PlyCount "94"]
[SourceDate "2017.09.01"]

1. e4 e5 2. Nf3 Nc6 3. Bc4 Nf6 4. d3 d6 5. c3 a6 6. b4 b5 7. Bb3 d5 8. exd5
Nxd5 9. O-O Be7 10. Re1 O-O 11. a4 Bb7 12. Qc2 Bf6 13. axb5 axb5 14. Rxa8 Bxa8
15. Bd2 Qd7 16. Na3 Rd8 17. Nxb5 Ncxb4 18. cxb4 Qxb5 19. Nxe5 Qb7 20. Qc4 c6
21. d4 Be7 22. Nd3 Bf6 23. Ne5 Be7 24. Ba4 Rc8 25. Rc1 Bxb4 26. Rb1 c5 27. dxc5
Nb6 28. c6 Nxc4 29. cxb7 Bxb7 30. Nxc4 Rxc4 31. Rxb4 Rxb4 32. Bxb4 g5 33. Be7
h6 34. Bf6 Be4 35. f3 Bf5 36. g4 Bh7 37. Bb3 Bg6 38. Kf2 Kf8 39. Ke3 Ke8 40.
Ba4+ Kf8 41. Bc6 Bb1 42. Kd4 Bc2 43. Ke5 Bb1 44. Be4 Ba2 45. Kd4 Bb3 46. Ke3
Bd1 47. Kd2 (47. Kf2 Bb3 48. Kg3 Kg8 49. h4) 47... Bb3 1-0

[Event "2017MOK"]
[Site "Calgary"]
[Date "2017.??.??"]
[Round "4.10"]
[White "Sharma, Vishruth"]
[Black "Chandra, Anand Rishi"]
[Result "1-0"]
[WhiteElo "1606"]
[BlackElo "1681"]
[PlyCount "53"]
[EventDate "2017.??.??"]
[SourceDate "2017.09.01"]
[TimeControl "90+30"]

1. e4 c5 2. Nf3 d6 3. d4 cxd4 4. Nxd4 a6 5. Nc3 Nf6 6. f3 Nbd7 7. Be3 e6 8. Bc4
Ne5 9. Bb3 Bd7 10. Qd2 b5 11. O-O-O Rc8 12. g4 Nc4 13. Bxc4 bxc4 14. g5 (14. h4
g6 15. Qe2 Bg7) 14... Nh5 15. f4 g6 16. Qe2 Ng7 17. h4 Be7 18. Rdf1 a5 19. h5
Nxh5 20. Rxh5 gxh5 21. Qxh5 a4 22. f5 exf5 23. exf5 Qb6 24. f6 Be6 25. fxe7 Kd7
26. Rxf7 Bxf7 27. Qxf7 1-0

[Event "2017MOK"]
[Site "Calgary"]
[Date "2017.??.??"]
[Round "2.7"]
[White "Ali, Husain"]
[Black "Chandra, Anand Rishi"]
[Result "*"]
[WhiteElo "1952"]
[BlackElo "1681"]
[PlyCount "34"]
[EventDate "2017.??.??"]
[SourceDate "2017.09.01"]
[TimeControl "90+30"]

1. d4 d5 2. c4 e6 3. Nf3 c6 4. e3 Nf6 5. Nc3 Nbd7 6. Bd3 Be7 7. O-O O-O 8. Qc2
h6 9. Re1 b6 10. Bd2 Bb7 11. cxd5 cxd5 12. Rac1 a6 13. h3 b5 14. Qb3 Nb6 15.
Ne2 Nc4 16. a4 Bc6 17. axb5 axb5 *

[Event "2017 Edmonton International Qualifier"]
[Site "?"]
[Date "2017.04.29"]
[Round "1"]
[White "Arakelian, Hernadzi"]
[Black "Chandra, Anand Rishi"]
[Result "0-1"]
[WhiteElo "2096"]
[BlackElo "1657"]
[PlyCount "100"]
[SourceDate "2017.09.01"]

1. c4 e5 2. Nc3 Nf6 3. g3 d5 4. cxd5 Nxd5 5. Bg2 Be6 6. Nf3 Nc6 7. d3 h6 8. O-O
Be7 9. a3 O-O 10. Bd2 Qd7 11. Rc1 a6 12. Na4 Rad8 13. Nc5 Bxc5 14. Rxc5 Qe7 15.
Rxc6 bxc6 16. Nxe5 Qd6 17. Nc4 Qe7 18. Qa4 Nb6 19. Nxb6 cxb6 20. Qxa6 Bc8 21.
Qxb6 Qxe2 22. Bc3 Rxd3 23. Bxc6 Bh3 24. Bg2 Bxg2 25. Kxg2 Qf3+ 26. Kg1 Rfd8 27.
Re1 Rd1 28. Qe3 Rxe1+ 29. Bxe1 Qb7 30. Qe2 Qb3 31. Kg2 Qb7+ 32. f3 Qb3 33. Bc3
Qa4 34. Qe5 Qc2+ 35. Kh3 f6 36. Qe6+ Kh8 37. f4 Qb1 38. Kh4 Qc2 (38... Qd3 39.
Qe7 Rd6 40. a4 Kh7 41. a5 Qf5 42. Qxd6 g5+ 43. fxg5 fxg5+) 39. Kh3 Qb1 40. a4
Qf1+ 41. Kh4 Qg2 42. h3 Qc2 43. a5 Qd3 44. g4 Qc2 45. Kh5 Qd3 46. g5 Qf3+ 47.
Qg4 Qd5 48. Kg6 Qe4+ 49. Kh5 Rd5 50. Kh4 hxg5+ 0-1

[Event "2017 Edmonton International Qualifier"]
[Site "?"]
[Date "2017.04.30"]
[Round "4"]
[White "Harris, Adam"]
[Black "Chao, Lucy"]
[Result "1-0"]
[WhiteElo "1890"]
[BlackElo "1467"]
[PlyCount "67"]
[SourceDate "2017.09.01"]

1. c4 c5 2. Nc3 Nc6 3. Nf3 Nf6 4. g3 e6 5. Bg2 Be7 6. O-O b6 7. e3 a6 8. d4
cxd4 9. exd4 Bb7 10. d5 Na5 11. Qd3 exd5 12. cxd5 Qc7 13. Re1 d6 14. Bf4 (14.
b4) 14... O-O 15. Rac1 Bc8 16. Nb5 Qd8 17. Nc3 Nb7 18. b4 Bd7 19. Nd4 b5 20.
Nc6 Bxc6 21. dxc6 Ng4 22. cxb7 Qb6 23. bxa8=Q Qxf2+ 24. Kh1 Rxa8 25. Qf3 Qb2
26. Qxa8+ Bf8 27. Bxd6 Nf2+ 28. Kg1 Nh3+ 29. Bxh3 Qxb4 30. Bxb4 h6 31. Bf5 g6
32. Qxf8+ Kh7 33. Qxf7+ Kh8 34. Re8# 1-0

[Event "2017 Red Deer Open"]
[Site "?"]
[Date "2017.05.14"]
[Round "5"]
[White "White, Chris"]
[Black "Chen, Andrew"]
[Result "1/2-1/2"]
[WhiteElo "1750"]
[BlackElo "1610"]
[PlyCount "52"]
[SourceDate "2017.09.01"]

1. d4 d5 2. c4 dxc4 3. Nc3 Nf6 4. e3 e6 5. Bxc4 c5 6. Nf3 Be7 7. O-O O-O 8. e4
cxd4 9. Nxd4 e5 10. Ndb5 Nc6 11. Bg5 a6 12. Qxd8 Rxd8 13. Nc7 Rb8 14. Rfd1 (14.
N3d5 Nxd5 15. exd5 Bxg5 16. dxc6 bxc6) 14... Bg4 15. f3 Bh5 16. Bxf6 Bxf6 17.
N7d5 Bg5 18. Ne2 Ne7 19. Kf2 Kf8 20. g3 f6 21. h4 Bh6 22. Nb6 Be8 23. Nc3 Bc6
24. Ncd5 Nxd5 25. Bxd5 Bxd5 26. exd5 Rd6 1/2-1/2

[Event "2017 Red Deer Open"]
[Site "?"]
[Date "2017.05.14"]
[Round "5"]
[White "Ali, Husain"]
[Black "Chen, Andrew"]
[Result "0-1"]
[WhiteElo "1898"]
[BlackElo "1650"]
[PlyCount "86"]
[SourceDate "2017.09.01"]

1. d4 d5 2. c4 dxc4 3. a4 e6 4. e3 Nf6 5. Bxc4 c5 6. Nf3 Nc6 7. Bb5 Bd7 8. O-O
a6 9. Bxc6 Bxc6 10. Nc3 Be7 11. Qe2 O-O 12. Rd1 Qc7 13. e4 cxd4 14. Nxd4 Bb4
15. f3 Rfd8 16. Qc4 {A blunder. The Queen was needed to protect the d1 rook.
Now white's knight is pinned. All black needs to do is trade off his attacked
b4 bishop and then attack the knight.} Bxc3 17. bxc3 e5 {The knight cannot
move; otherwise white loses an entire rook & is under a severe attack.} 18. Bg5
exd4 19. cxd4 Rdc8 20. Rac1 Ne8 21. Rd3 {White is eyeing the pressured bishop
on c6 and wanting to push d5. But even if white manages to triple on the
c-file, black can always escape with Qb6+. As such, it's better to play d5
immediately--it's positionally viable for white, as it advances the passed
pawn, shuts down black's bishop, and opens up the position for white's own
bishop.} h6 22. Be3 Bd7 23. Qb3 Qb8 24. Rdc3 Rxc3 25. Rxc3 b5 26. a5 Qb7 27. d5
Rc8 28. Bc5 Qb8 29. Qb4 Qe5 {More favorable is a move like 29. ...f5,
attempting to break up white's pawn chain and undermine his passed pawn.} 30.
Bd4 Qd6 31. Bc5 Qb8 {Identical to the position after 29. Qb4, except it's now
white's move, thus the gain of a tempo.} 32. g3 g5 33. Qd4 f6 34. Kf2 Kf7 35.
Ke3 Nd6 36. f4 Nb7 {Missing the chance to either open up white's king with 36.
gxf4 or bring his knight to an annoying square on c4. While still better,
black would have problems after 37. Bb4} 37. e5 (37. Bb4 Rxc3+ 38. Bxc3 Qd6 39.
e5 {White would have advanced, connected passed pawns to compensate for the
earlier material loss}) 37... Nxc5 38. Rxc5 gxf4+ 39. gxf4 fxe5 40. fxe5 Rxc5
41. e6+ Bxe6 {The only move. 41. ...Kg8 and 41. ...Kg6 both result in
repetitions, as the white Queen comes in to corner the King. Black has to be
careful in those lines not to fall into mate or lose the Queen to a skewer.
Meanwhile, 41. ...Ke7 loses material after 42. Qg7+, and 41. ...Ke8 falls into
a skewer.} 42. dxe6+ Kxe6 43. Qxc5 Qe5+ {Forced into a losing King and pawn
endgame, white resigns.} 0-1

[Event "2017MOK"]
[Site "Calgary"]
[Date "2017.??.??"]
[Round "3.8"]
[White "Sklenka, Steve"]
[Black "Chen, Andrew"]
[Result "*"]
[WhiteElo "1617"]
[BlackElo "1577"]
[PlyCount "65"]
[EventDate "2017.??.??"]
[SourceDate "2017.09.01"]
[TimeControl "90+30"]

1. d4 d5 2. c4 dxc4 3. a4 a6 4. e3 Nf6 5. Bxc4 Bf5 6. Nf3 e6 7. O-O Be7 8. Nc3
Nbd7 9. b3 O-O 10. Re1 Ne4 11. Nxe4 Bxe4 12. Bd3 Bxd3 13. Qxd3 Nf6 14. Ne5 Nd7
15. Nf3 Bf6 16. Ba3 Rc8 17. Rac1 c6 18. Red1 Qb6 19. Nd2 Be7 20. Nc4 Qc7 21.
Bb2 Rce8 22. Qc2 Nb6 23. Ne5 Nd7 24. Nc4 Nb6 25. Ne5 Nd7 26. Nf3 Bf6 27. e4 c5
28. e5 Be7 29. b4 b6 30. Ne1 Qb7 31. bxc5 bxc5 32. Rd3 (32. Qd3) 32... cxd4 33.
Bxd4 *

[Event "2017 Alberta Youth"]
[Site "?"]
[Date "2017.02.25"]
[Round "2"]
[White "Wang, Kaixin"]
[Black "Chen, Jeffrey"]
[Result "1-0"]
[WhiteElo "1848"]
[BlackElo "1451"]
[PlyCount "53"]
[SourceDate "2017.09.01"]

1. e4 e5 2. f4 d5 3. exd5 exf4 4. Nf3 Qxd5 5. Nc3 Qa5 6. d4 Nf6 7. Bxf4 Bb4 8.
Bd2 {8. Bd3 is favorable for white, sacking the b2 pawn to 8. ...Bxc3+ 9.bxc3
Qxc3+ 10.Bd2 in exchange for tempos, development, and an impressive bishop
pair.} O-O 9. Be2 Bf5 10. O-O Rd8 11. Bc4 c6 $2 {The black queen is low on
squares, but still safe. The developing move 11. ...Nc6 is preferable to the
text move 11. ...c6.} 12. a3 Bxc3 13. Bxc3 Qc7 14. Ng5 (14. Ne5 {Also
threatens the f7 square along with the discovery on the f5 bishop, but also
gives white the option of trading knight for bishop on g6.}) 14... Bg6 15. Be1
Qb6 16. Bc3 h6 17. Nf3 {Missing the win available with a series of sacrifices:}
(17. Bxf7+ Bxf7 18. Nxf7 Kxf7 19. Qh5+ Kg8 20. Rxf6 gxf6 21. Qg6+ Kh8 {With a
complicated mate. White actually has time to move the rook over to join the
attack--there's nothing black can do.} 22. Qxf6+ Kh7 23. Qf7+ Kh8 24. Re1 Nd7
25. Re7) 17... Nd5 18. Ne5 Ne3 19. Qf3 Nxc4 (19... Nxf1 $2 20. Nxg6 {Taking
advantage of the pin on the f-pawn. Black will lose material and suffer a
devastating attack on the weak f7 square.}) 20. Nxg6 Qc7 (20... fxg6 21. Qf7+
Kh7 22. Qxc4 {And white has a favorable position, but the material is still
equal}) 21. Nh4 Rf8 22. Nf5 Nd7 23. Qg4 g6 24. Nxh6+ Kh7 25. Nxf7 Ne3 {A
tempting fork, but it leads to forced mate.} 26. Qh4+ Kg8 27. Qh8# 1-0

[Event "2017 Alberta Seniors Championship"]
[Site "?"]
[Date "2017.04.08"]
[Round "2"]
[White "Beresinski, Piotr"]
[Black "Daniluk, Jim"]
[Result "0-1"]
[WhiteElo "1921"]
[BlackElo "1964"]
[PlyCount "132"]
[SourceDate "2017.09.01"]

1. Nf3 g6 2. e4 c5 3. c3 d5 4. Bb5+ Bd7 5. Bxd7+ Qxd7 6. exd5 Qxd5 7. O-O Nc6
8. d4 Bg7 9. Be3 cxd4 10. Nxd4 Nxd4 11. cxd4 Nh6 12. Nc3 Qd7 13. Qa4 Qxa4 14.
Nxa4 Nf5 15. Rad1 O-O 16. Nc3 Rfd8 17. d5 b6 18. Rd2 Nd6 19. Rc2 Nc4 20. Bc1
Rac8 21. Rd1 Rc5 22. b4 Rcc8 23. Nb5 Rd7 24. d6 a6 25. Na3 (25. Na7) 25... Rxd6
26. Re1 b5 27. Nxc4 Rxc4 28. Rxc4 bxc4 29. Bf4 e5 30. Be3 f5 31. Kf1 f4 32. Bc5
Rd3 33. Rc1 c3 34. f3 Kf7 35. Rc2 Ke6 36. Ke2 Rd2+ 37. Rxd2 cxd2 38. Kxd2 Kd5
39. Kd3 a5 40. a3 Bf6 41. Bf2 axb4 42. axb4 g5 43. h3 h5 44. Be1 Be7 45. Bc3
Bd6 46. Be1 Bc7 47. Bf2 Bd6 48. b5 Bb8 49. Bb6 g4 50. Bd8 gxh3 51. gxh3 Kc5 52.
b6 Kc6 53. Bc7 Bxc7 54. bxc7 Kxc7 55. Ke4 Kd6 56. Kd3 h4 57. Ke2 Kd5 58. Kd3
e4+ 59. fxe4+ Ke5 60. Kd2 Kxe4 61. Ke2 f3+ 62. Kf1 Kf5 63. Kg1 Kg5 64. Kf1 Kf4
65. Kf2 Ke4 66. Kg1 Ke3 0-1

[Event "Calgary International Qualifier"]
[Site "?"]
[Date "2017.??.??"]
[Round "2.6"]
[White "Milne, Art"]
[Black "Daniluk, Jim"]
[Result "0-1"]
[WhiteElo "1587"]
[BlackElo "2020"]
[PlyCount "80"]
[EventDate "2017.??.??"]
[SourceDate "2017.09.01"]

1. f4 g5 2. d3 gxf4 3. Bxf4 Bg7 4. Nc3 e5 5. Bg3 d5 6. e4 d4 7. Nb1 c5 8. a4
Nc6 9. Be2 Nf6 10. c3 Qa5 11. Qd2 h5 12. Nf3 Ng4 13. O-O Bh6 14. Qe1 h4 15.
Nxh4 Ne3 16. Na3 Nxf1 17. Nc4 Qc7 (17... Nxg3 18. Nxa5 Nxe2+ 19. Qxe2 Nxa5) 18.
Qxf1 (18. Bxf1 Be6) 18... Be6 19. Qf6 Rh7 20. Nf5 Bxc4 21. Nd6+ Kf8 22. Nxc4
Bf4 23. Bxf4 exf4 24. Rf1 f3 25. Qxf3 Qxh2+ 26. Kf2 Ne5 27. Nxe5 Qxe5 28. Ke1
dxc3 29. b3 c2 30. Kd2 Qb2 31. Rc1 Rh1 32. Bf1 Qxb3 33. Rxc2 Qxa4 34. e5 Qb4+
35. Ke2 Rh4 36. e6 Qg4 37. Rxc5 Qxf3+ 38. Kxf3 fxe6 39. Rc7 Rb4 40. g4 a5 0-1

[Event "2017MOK"]
[Site "Calgary"]
[Date "2017.??.??"]
[Round "2.2"]
[White "Findlay, Ian"]
[Black "Daniluk, Jim"]
[Result "1-0"]
[WhiteElo "2290"]
[BlackElo "1951"]
[PlyCount "43"]
[EventDate "2017.??.??"]
[SourceDate "2017.09.01"]
[TimeControl "90+30"]

1. e4 c5 2. Nf3 Nc6 3. d4 cxd4 4. Nxd4 Nf6 5. Nc3 e5 6. Ndb5 d6 7. Bg5 a6 8.
Na3 b5 9. Bxf6 gxf6 10. Nd5 f5 11. Bd3 Rg8 12. c3 Rxg2 13. Qf3 (13. Ne3) 13...
Rg4 14. exf5 e4 15. Qxg4 (15. Bxe4) 15... exd3 16. O-O-O Bh6+ 17. f4 Ne5 18.
Qh5 Bb7 19. Qxh6 Bxd5 20. Rhe1 b4 21. Rxd3 Qa5 22. Qxd6 1-0

[Event "2017JohnSchleinich"]
[Site "Calgary"]
[Date "2017.??.??"]
[Round "1.6"]
[White "Dave, Bhavik"]
[Black "Daniluk, Jim"]
[Result "*"]
[WhiteElo "1909"]
[BlackElo "1995"]
[PlyCount "67"]
[EventDate "2017.??.??"]
[SourceDate "2017.09.01"]

1. d4 Nf6 2. c4 g6 3. Nc3 d5 4. cxd5 Nxd5 5. e4 Nxc3 6. bxc3 Bg7 7. Bc4 c5 8.
Ne2 O-O 9. Be3 Qc7 10. Rc1 Rd8 (10... Re8 11. O-O Nc6 12. Qc2 Na5 13. Bb3 a6
14. dxc5 Nxb3 15. axb3 e5 16. b4 Be6 17. Rcd1 f6) 11. O-O Nc6 12. Qc2 Na5 13.
Bb3 a6 14. dxc5 Nxb3 15. axb3 e5 16. b4 Be6 17. Rcd1 f6 18. Rxd8+ Rxd8 19. Rd1
Bc4 20. f3 Rd7 21. Kf2 Bf8 22. Rxd7 Qxd7 23. Qd2 Qb5 24. g3 Kf7 25. f4 a5 26.
Ng1 exf4 27. gxf4 a4 28. Qb2 Qa6 29. Bc1 Qc6 30. Ke3 Bxc5+ 31. bxc5 Qxc5+ 32.
Kf3 Qxg1 33. Qxb7+ Kg8 34. Qc8+ *

[Event "2017MOK"]
[Site "Calgary"]
[Date "2017.??.??"]
[Round "2.10"]
[White "Papneja, Arul"]
[Black "Darvekar, Yash"]
[Result "1-0"]
[WhiteElo "1632"]
[BlackElo "1153"]
[PlyCount "67"]
[EventDate "2017.??.??"]
[SourceDate "2017.09.01"]
[TimeControl "90+30"]

1. e4 e6 2. b3 d5 3. Bb2 dxe4 4. Nc3 Nf6 5. Qe2 Bc5 6. Nxe4 Nxe4 7. Qxe4 f6 8.
Bc4 e5 9. f4 Qe7 10. fxe5 fxe5 11. Qxe5 Qxe5+ 12. Bxe5 b6 13. Ne2 Bb7 14. d4
Nd7 15. Bxg7 (15. Bxc7 Rf8) 15... Rf8 16. Bxf8 Bxf8 17. O-O O-O-O 18. Rae1 Bd6
19. Nf4 Bxf4 20. Rxf4 Kb8 21. Re7 a6 22. Rff7 Nf8 23. Rxc7 Bc8 24. c3 Bd7 25.
Rxf8 Kxc7 26. Rxd8 Kxd8 27. Bxa6 Kc7 28. Bd3 h6 29. c4 Kd6 30. b4 Kc6 31. c5
bxc5 32. dxc5 Be6 33. a3 Bc8 34. Kf2 1-0

[Event "2017MOK"]
[Site "Calgary"]
[Date "2017.??.??"]
[Round "5.7"]
[White "Timmerman, Brian"]
[Black "Darvekar, Yash"]
[Result "1-0"]
[WhiteElo "1754"]
[BlackElo "1153"]
[PlyCount "33"]
[EventDate "2017.??.??"]
[SourceDate "2017.09.01"]
[TimeControl "90+30"]

1. e4 b6 2. d4 Bb7 3. Bd3 Nf6 4. Qe2 e6 5. Nf3 Be7 6. O-O O-O 7. c3 c5 8. Bf4
d5 9. e5 c4 10. Bc2 Ne4 11. Nbd2 Nxd2 12. Bxd2 f6 13. exf6 Bxf6 14. Qxe6+ Rf7
15. Bxh7+ Kf8 16. Bg6 Re7 17. Qh3 1-0